Представление документа в формате RUSMARC

ПолеНазваниеЗначение
  Тип записи a
  Библиографический уровень m
001 Контрольный номер 7b386633621f4d2fbada5b5b482a92ab
005 Дата корректировки 20140526192815.2
200 Заглавие и сведения об ответственности __
a Заглавие Рынок труда, занятость населения,экономика ресурсов для труда
e Сведения, относящиеся к заглавию Учеб. пособие
f Первые сведения об ответственности Рофе, Александр Иосифович.
210 Выходные данные __
a Место издания Москва
c Издательство Изд-во "МИК"
d Дата издания 1997
215 Физическое описание __
a Объем 154
610 Ключевые слова __
a Ключевые слова Экономика труда
686 Индексы других классификаций __
a Классификационный индекс 65.9(2)24
2 Код системы rubbk
686 Индексы других классификаций __
a Классификационный индекс 65.9(2)240я73
2 Код системы rubbk
700 Автор __
a Фамилия Рофе, Александр Иосифович.
801 Источник записи _0
a Страна RU
b Организация РУК
c Дата составления 19980326
g Правила каталогизации PSBO
801 Источник записи _1
a Страна RU
b Организация РУК
c Дата составления 19980326
g Правила каталогизации PSBO
852 Данные о местонахождении __
i Авторский знак Р-79
j Шифр хранения 65.9(2)240я73
901 Тип документа __
t Тип документа m
938 Служебная информация __
a Название организации Головной вуз
b Имя БД BOOK
c Название АИБС АИБС ИРБИС